|
|
|
|
| LEADER |
00000nam0a2200000 4500 |
| 001 |
297198 |
| 005 |
20231102001002.0 |
| 020 |
|
|
|a RU
|b 84-51166
|
| 035 |
|
|
|a (RuTPU)RU\TPU\book\322318
|
| 090 |
|
|
|a 297198
|
| 100 |
|
|
|a 20150605d1984 km y0rusy5003 ca
|
| 101 |
0 |
|
|a rus
|
| 102 |
|
|
|a RU
|
| 105 |
|
|
|a a z 001zy
|
| 200 |
1 |
|
|a Арболит - эффективный строительный материал
|f И. Х. Наназашвили
|
| 210 |
|
|
|a Москва
|c Стройиздат
|d 1984
|
| 215 |
|
|
|a 121 с.
|c ил.
|
| 225 |
1 |
|
|a Наука - строительному производству
|
| 320 |
|
|
|a Библиогр.: с. 116-119
|
| 606 |
1 |
|
|a Арболит
|x Строительные материалы
|2 stltpush
|3 (RuTPU)RU\TPU\subj\29325
|9 52685
|
| 610 |
1 |
|
|a физические свойства
|
| 610 |
1 |
|
|a химическая агрессивность
|
| 610 |
1 |
|
|a древесина
|
| 610 |
1 |
|
|a анизотропные свойства
|
| 610 |
1 |
|
|a влажность
|
| 610 |
1 |
|
|a деформация
|
| 610 |
1 |
|
|a проницаемость
|
| 610 |
1 |
|
|a упругость
|
| 610 |
1 |
|
|a изделия
|
| 610 |
1 |
|
|a прочность
|
| 610 |
1 |
|
|a твердение
|
| 610 |
1 |
|
|a теплофизические свойства
|
| 610 |
1 |
|
|a производство
|
| 675 |
|
|
|a 691.115
|z rus
|v 3
|
| 700 |
|
1 |
|a Наназашвили
|b Исаак Хискович
|g И. Х.
|4 070
|
| 801 |
|
0 |
|a RU
|b RuMRKP
|c 19950704
|g psbo
|
| 801 |
|
1 |
|a RU
|b 63413507
|c 20150605
|
| 801 |
|
2 |
|a RU
|b 63413507
|c 20190306
|g RCR
|
| 942 |
|
|
|c BK
|